|
|
|
|
| LEADER |
00000cam a22000002c 4500 |
| 001 |
1140346865 |
| 003 |
DE-627 |
| 005 |
20251225180622.0 |
| 007 |
tu |
| 008 |
981118s1952 xx ||||| 00| ||eng c |
| 035 |
|
|
|a (DE-627)1140346865
|
| 035 |
|
|
|a (DE-576)070346860
|
| 035 |
|
|
|a (DE-599)BSZ070346860
|
| 035 |
|
|
|a (OCoLC)06221197
|
| 040 |
|
|
|a DE-627
|b ger
|c DE-627
|e rakwb
|
| 041 |
|
|
|a eng
|
| 082 |
0 |
|
|a 201.6
|
| 084 |
|
|
|a NH 5250
|2 rvk
|0 (DE-625)rvk/125678:
|
| 084 |
|
|
|a NG 1650
|2 rvk
|0 (DE-625)rvk/125419:
|
| 100 |
1 |
|
|0 (DE-588)117036218
|0 (DE-627)142126780
|0 (DE-576)291058744
|4 aut
|a Nock, Arthur Darby
|d 1902-1963
|
| 109 |
|
|
|a Nock, Arthur Darby 1902-1963
|a Nock, Arthur D. 1902-1963
|a Nock, A. D. 1902-1963
|a Darby Nock, Arthur 1902-1963
|
| 245 |
1 |
0 |
|a Conversion
|b the old and the new in religion from Alexander the Great to Augustine of Hippo
|c by A. D. Nock
|
| 250 |
|
|
|a Repr. of the 1. ed. 1933
|
| 264 |
|
1 |
|a Oxford
|b Clarendon Pr.
|c 1952
|
| 300 |
|
|
|a XII, 309 S.
|
| 336 |
|
|
|a Text
|b txt
|2 rdacontent
|
| 337 |
|
|
|a ohne Hilfsmittel zu benutzen
|b n
|2 rdamedia
|
| 338 |
|
|
|a Band
|b nc
|2 rdacarrier
|
| 583 |
1 |
|
|a Archivierung prüfen
|c 20200919
|f DE-640
|z 3
|2 pdager
|
| 601 |
|
|
|a Conversano
|
| 601 |
|
|
|a Religion
|
| 601 |
|
|
|a Augustiner
|
| 935 |
|
|
|a mteo
|
| 936 |
r |
v |
|a NH 5250
|b Religions-, Geistes- und Kulturgeschichte
|k Geschichte
|k Griechisch-römische Geschichte
|k Darstellungen zur griechisch-römischen Geschichte
|k Religions-, Geistes- und Kulturgeschichte
|0 (DE-627)1270945351
|0 (DE-625)rvk/125678:
|0 (DE-576)200945351
|
| 936 |
r |
v |
|a NG 1650
|b Religionsgeschichte
|k Geschichte
|k Alte Geschichte
|k Religionsgeschichte
|0 (DE-627)1271452367
|0 (DE-625)rvk/125419:
|0 (DE-576)201452367
|
| 951 |
|
|
|a BO
|
| ELC |
|
|
|b 1
|
| ORI |
|
|
|a SA-MARC-ixtheo_oa001.raw
|
| REL |
|
|
|a 1
|
| SUB |
|
|
|a REL
|